| 000 | 01244nam a22003135i 4500 | ||
|---|---|---|---|
| 999 |
_c27688 _d27659 |
||
| 003 | EG-ScBUE | ||
| 005 | 20191016143550.0 | ||
| 008 | 191016s1998 ua f b 000 0 ara d | ||
| 017 | _a98 / 10694 | ||
| 020 | _a9771966748 | ||
| 040 |
_aEG-ScBUE _bara _erda _cEG-ScBUE _dEG-ScBUE |
||
| 043 | _aa------ | ||
| 082 | 0 | 4 |
_a327.5 _bآ س ي _222 |
| 245 | 0 | 0 |
_aآسيا والتحولات العالمية / _cتحرير د. محمد السيد سليم. |
| 264 | 1 |
_aالجيزة، مصر : _bمركز الدراسات الآسيوية، كلية الاقتصاد والعلوم السياسية، جامعة القاهرة، _c1998. |
|
| 300 |
_a381 صفحة ؛ _c24 سم |
||
| 336 |
_2rdacontent _aنص _btxt |
||
| 337 |
_2rdamedia _aبدون وسيط _bn |
||
| 338 |
_2rdacarrier _aمجلد _bnc |
||
| 504 | _aيشتمل على إرجاعات ببليوجرافية. | ||
| 541 |
_aDr. Gamal Selim ; _cDonation ; |
||
| 650 | _2BUEsh | ||
| 651 | 7 |
_aآسيا _xعلاقات خارجية. _2BUEsh |
|
| 651 | 7 |
_aآسيا _xأحوال اقتصادية. _2BUEsh _927981 |
|
| 651 | 7 |
_aآسيا _xأحوال سياسية. _2BUEsh |
|
| 653 |
_bMASPPSS _bBUSBOL _cOctober2019 |
||
| 700 | 1 |
_aسليم، محمد السيد، _eمحرر. |
|
| 942 | _2ddc | ||